Proyecto UCR, historia e Identidad

Guardado en:
書目詳細資料
主要作者: Fonseca Zamora, Oscar M.
格式: 圖書
語言:Spanish
出版: San Ramón, Alajuela?, 1994.
主題:
標簽: 添加標簽
沒有標簽, 成為第一個標記此記錄!

MARC

LEADER 00000nam a22000007a 4500
008 150702s14 cr ao|||r|||| 000 0 spa d
040 |a CIICLA 
082 |a 306.4  |b F676p 
100 1 |a Fonseca Zamora, Oscar M. 
245 1 0 |a Proyecto UCR, historia e Identidad 
246 1 0 |a Historia e identidad 
246 1 0 |a Proyecto muralístico Palmares, historia e identidad 
260 |a San Ramón, Alajuela?,  |c 1994. 
300 |a 8 hojas, 11 láminas 
651 1 4 |a PALMARES (ALAJUELA, COSTA RICA) 
942 |2 ddc  |c BK 
999 |c 4348  |d 4348